00481nam a2200109 a 450000100080000000500110000800800410001924500570006026000430011750001860016065000250034610266752025-08-18 1980 bl --- 0-- m #d aPequena propriedade familiar.h[electronic resource] aVitoria, ES: EMATER/ES, [1980?].c1980 aApresentação: Sergio Meneguelli, tecnico da Emater/ES. Edição, montagem e audio: Marcelo Vicente. Roteiro, produção e direção: Reginaldo Conde. Realização: Coped/Emater ES aAgricultura Familiar